000 00453 a2200157 4500
003 OSt
005 20240823111548.0
008 231019b |||||||| |||| 00| 0 eng d
040 _coclc
082 _a370
_bMAN/M
100 _aMangad, Abdurahiman
_98678
245 _aMUSLIM VANITHA PRASHNOTHARI /
_cAbdurahman Mangad
260 _aMalappuram:
_bArabian Book house,
300 _a111p
942 _2ddc
_cBK
_h370
_iMAN/M
_k370
_mMAN/M
999 _c42630
_d42630